000 00446nam a22001457a 4500
008 250914b |||||||| |||| 00| 0 eng d
022 _a22296204
041 _aeng
245 _aJournal of International Business and Finance
260 _aNew Delhi
_bResearch Science Press
_c2025
300 _a76; .P
651 _aInternational Business
856 _uhttps://serialsjournals.com/index.php?route=product/product&product_id=616
942 _cSR
_s1
999 _c46497
_d46497